[Event "Titled Tuesday intern op 02nd Apr Late"]
[Site "Chess.com INT"]
[Date "2024.04.02"]
[Round "1"]
[White "Abarca Gonzalez, Nicolas"]
[Black "Labussiere, Yago"]
[Result "1-0"]
[WhiteElo "2387"]
[BlackElo "2184"]
[PlyCount "60"]
[EventDate "2024.04.02"]
[EventType "swiss (blitz)"]
[EventRounds "11"]
[EventCountry "USA"]
[SourceTitle "CB15_2024"]
[SourceDate "2024.04.10"]
[SourceVersion "1"]
[SourceVersionDate "2024.04.10"]
[SourceQuality "1"]

1. e4 c5 2. Nf3 d6 3. Bc4 Nf6 4. e5 dxe5 5. Nxe5 e6 6. Qe2 Be7 7. 0-0 0-0 8. Re1 Nbd7 9. Nxf7 Rxf7 10. Qxe6 Qf8 11. Qxe7 Nb6 12. Bxf7+ Qxf7 13. Qxf7+ Kxf7 14. Nc3 c4 15. d3 cxd3 16. cxd3 Bf5 17. Ne4 Rd8 18. Bg5 Rxd3 19. Nc5 Rd5 20. Bxf6 gxf6 21. Nb3 Nc4 22. Rad1 Rxd1 23. Rxd1 Nxb2 24. Rd4 Be6 25. Nc5 b6 26. Nxe6 Kxe6 27. Rh4 a5 28. Rxh7 Kd5 29. h4 Nc4 30. h5 Ne5 1-0

[Event "Malakhatko Memorial op"]
[Site "Chess.com INT"]
[Date "2023.06.14"]
[Round "9"]
[White "Fishchuk, Vladyslav"]
[Black "Abarca Gonzalez, Nicolas"]
[Result "1-0"]
[WhiteElo "2276"]
[BlackElo "2387"]
[PlyCount "107"]
[EventDate "2023.06.14"]
[EventType "swiss (blitz)"]
[EventRounds "11"]
[EventCountry "USA"]
[SourceTitle "CBM 214 Extra"]
[Source "ChessBase"]
[SourceDate "2023.07.31"]
[SourceVersion "1"]
[SourceVersionDate "2023.07.31"]
[SourceQuality "1"]

1. e4 c5 2. Nf3 d6 3. Bb5+ Bd7 4. Bxd7+ Qxd7 5. c4 Nc6 6. d4 cxd4 7. Nxd4 g6 8. Nc3 Bg7 9. Be3 Nf6 10. f3 0-0 11. b3 Nxd4 12. Bxd4 Rfc8 13. 0-0 Qd8 14. Nd5 Nxd5 15. exd5 Bxd4+ 16. Qxd4 Qb6 17. Qxb6 axb6 18. a4 Kf8 19. Rfe1 Re8 20. Re2 e5 21. dxe6 Rxe6 22. Rd2 Ke7 23. Rad1 Ra5 24. Kf2 g5 25. Rd5 f6 26. Rb5 Rxb5 27. axb5 Re5 28. Ra1 Kd7 29. Ra7 Kc7 30. Ra8 d5 31. Rh8 Re7 32. Rf8 dxc4 33. bxc4 Kd6 34. Rxf6+ Kc5 35. Rf5+ Kxc4 36. Rxg5 Rc7 37. f4 Rc5 38. h4 h5 39. Ke3 Rxb5 40. Rxb5 Kxb5 41. Kd4 Kc6 42. Kc4 Kd6 43. Kb5 Ke6 44. Kxb6 Kf5 45. g3 Kg4 46. Kxb7 Kxg3 47. f5 Kxh4 48. f6 Kg3 49. f7 h4 50. f8Q h3 51. Qf1 Kh2 52. Qf2+ Kh1 53. Kc6 h2 54. Qf1# 1-0

[Event "Malakhatko Memorial op"]
[Site "Chess.com INT"]
[Date "2023.06.14"]
[Round "6"]
[White "Pavlov, Sergey1111"]
[Black "Abarca Gonzalez, Nicolas"]
[Result "1-0"]
[WhiteElo "2474"]
[BlackElo "2387"]
[PlyCount "67"]
[EventDate "2023.06.14"]
[EventType "swiss (blitz)"]
[EventRounds "11"]
[EventCountry "USA"]
[SourceTitle "CBM 214 Extra"]
[Source "ChessBase"]
[SourceDate "2023.07.31"]
[SourceVersion "1"]
[SourceVersionDate "2023.07.31"]
[SourceQuality "1"]

1. c4 Nf6 2. Nf3 g6 3. g3 Bg7 4. Bg2 0-0 5. 0-0 d6 6. d4 c6 7. Nc3 Bf5 8. Qb3 Qb6 9. Re1 Ne4 10. Nh4 Nxc3 11. Nxf5 gxf5 12. bxc3 Qxb3 13. axb3 Nd7 14. Bh3 e6 15. Bf4 d5 16. e3 a6 17. cxd5 cxd5 18. c4 Nf6 19. Bg2 Rae8 20. Bd6 Rd8 21. Bxf8 Bxf8 22. Rec1 Kg7 23. c5 Be7 24. b4 h5 25. b5 axb5 26. Ra7 Rd7 27. Rb1 e5 28. Rxb5 exd4 29. exd4 Ne4 30. Rbxb7 Rxb7 31. Rxb7 Bf6 32. Bxe4 fxe4 33. c6 Bxd4 34. c7 1-0

[Event "Malakhatko Memorial op"]
[Site "Chess.com INT"]
[Date "2023.06.14"]
[Round "8"]
[White "Tulchynskyi, Feliks"]
[Black "Abarca Gonzalez, Nicolas"]
[Result "1-0"]
[WhiteElo "2246"]
[BlackElo "2387"]
[PlyCount "161"]
[EventDate "2023.06.14"]
[EventType "swiss (blitz)"]
[EventRounds "11"]
[EventCountry "USA"]
[SourceTitle "CBM 214 Extra"]
[Source "ChessBase"]
[SourceDate "2023.07.31"]
[SourceVersion "1"]
[SourceVersionDate "2023.07.31"]
[SourceQuality "1"]

1. d4 Nf6 2. c4 e6 3. Nc3 Bb4 4. e3 c5 5. Bd3 0-0 6. Nf3 Nc6 7. 0-0 Bxc3 8. bxc3 b6 9. e4 d6 10. Re1 e5 11. h3 Re8 12. Bg5 h6 13. Bh4 Ba6 14. d5 Na5 15. Nd2 g5 16. Bg3 Kg7 17. Bh2 Nh7 18. Kh1 Nf8 19. g3 Ng6 20. Rg1 Bc8 21. Qh5 Qd7 22. Bf1 f6 23. f4 Qf7 24. Bd3 Qd7 25. Bf1 Qf7 26. Bd3 Ne7 27. Qf3 Bxh3 28. g4 exf4 29. Qxh3 Ng6 30. Nf3 Ne5 31. Nxe5 Rxe5 32. Qf3 Rh8 33. Kg2 Qe8 34. Rh1 Qa4 35. Qd1 Qa3 36. Qc1 Qa4 37. Qd1 Qd7 38. Qf3 Qf7 39. Bg1 Qg6 40. Bf2 Rhe8 41. Rh5 Rh8 42. Rh3 Nb7 43. Rah1 Nd8 44. Bd4 Nf7 45. Bxe5 Nxe5 46. Qe2 Qe8 47. Bc2 Qd7 48. Bd1 a6 49. a4 Qe7 50. Kf1 Qd7 51. Qh2 Nf7 52. Be2 Qe7 53. Kf2 Qe5 54. Re1 Qe8 55. Qh1 Ne5 56. Rb1 Qxa4 57. Rxb6 Qc2 58. Qd1 Nxg4+ 59. Ke1 Qxd1+ 60. Bxd1 Ne5 61. Rb7+ Kg8 62. Rb8+ Kg7 63. Rxh8 Kxh8 64. Rxh6+ Kg7 65. Rh2 g4 66. Bxg4 f3 67. Bf5 Nxc4 68. Kf2 Ne5 69. Rh7+ Kg8 70. Ra7 Kf8 71. Rxa6 Ke7 72. Ra7+ Ke8 73. Kg3 Kd8 74. Bh3 c4 75. Bg4 f2 76. Be2 Kc8 77. Kxf2 Kb8 78. Ra4 Kc7 79. Bxc4 Ng4+ 80. Kf3 Ne5+ 81. Kf4 1-0

[Event "Titled Tuesday intern op 12th Jul Early"]
[Site "Chess.com INT"]
[Date "2022.07.12"]
[Round "8"]
[White "Abarca Gonzalez, Nicolas"]
[Black "Alinasab, Mobina"]
[Result "1-0"]
[WhiteElo "2380"]
[BlackElo "2364"]
[PlyCount "99"]
[EventDate "2022.07.12"]
[EventType "swiss (blitz)"]
[EventRounds "11"]
[EventCountry "USA"]
[SourceTitle "EXT 2023"]
[Source "ChessBase"]
[SourceDate "2022.10.05"]
[SourceVersion "1"]
[SourceVersionDate "2022.10.05"]
[SourceQuality "1"]

1. e4 c5 2. Nf3 e6 3. b3 d6 4. Bb2 Nf6 5. e5 dxe5 6. Nxe5 a6 7. g3 Nbd7 8. Bg2 Be7 9. 0-0 Qc7 10. Nc4 Rb8 11. a4 b6 12. Qe2 Bb7 13. Re1 Bxg2 14. Kxg2 0-0 15. Nc3 Rfe8 16. Ne4 Qc6 17. Qf3 Nxe4 18. Qxe4 Qxe4+ 19. Rxe4 Bf6 20. Bxf6 Nxf6 21. Re2 b5 22. Na5 Nd5 23. d3 bxa4 24. bxa4 Nc3 25. Re5 Rec8 26. Nc4 Rb4 27. a5 Rc6 28. h4 f6 29. Ree1 e5 30. f4 exf4 31. Re7 Nd5 32. Rd7 Ne3+ 33. Kf3 Nxc4 34. dxc4 Rxc4 35. Re1 Kf8 36. Ree7 fxg3 37. Rf7+ Ke8 38. Rde7+ Kd8 39. Ra7 Rc3+ 40. Kg2 Rxc2+ 41. Kxg3 Rc3+ 42. Kf2 Ke8 43. Rxg7 Kf8 44. Rxh7 Kg8 45. h5 Rd6 46. h6 Rd2+ 47. Ke1 Rg2 48. Kf1 Rg4 49. Rhd7 Rf3+ 50. Ke2 1-0

[Event "Titled Tuesday intern op 12th Jul Early"]
[Site "Chess.com INT"]
[Date "2022.07.12"]
[Round "1"]
[White "Eynullayev, Altay Elshan"]
[Black "Abarca Gonzalez, Nicolas"]
[Result "0-1"]
[WhiteElo "2223"]
[BlackElo "2380"]
[PlyCount "96"]
[EventDate "2022.07.12"]
[EventType "swiss (blitz)"]
[EventRounds "11"]
[EventCountry "USA"]
[SourceTitle "EXT 2023"]
[Source "ChessBase"]
[SourceDate "2022.10.05"]
[SourceVersion "1"]
[SourceVersionDate "2022.10.05"]
[SourceQuality "1"]

1. e4 c5 2. Nf3 d6 3. d4 cxd4 4. Nxd4 Nf6 5. Nc3 g6 6. Be3 Bg7 7. f3 0-0 8. Qd2 Nc6 9. 0-0-0 Nxd4 10. Bxd4 Be6 11. g4 Qa5 12. Kb1 Rfc8 13. Nd5 Qxd2 14. Nxf6+ Bxf6 15. Rxd2 Bxd4 16. Rxd4 Rc5 17. Be2 g5 18. h4 h6 19. hxg5 hxg5 20. c3 Kg7 21. a3 Rh8 22. Rxh8 Kxh8 23. Kc2 Kg7 24. Kd2 Kf6 25. Ke3 Ke5 26. Rb4 b6 27. Rb5 Rxb5 28. Bxb5 Bb3 29. Be2 Bc2 30. Bc4 e6 31. Ba6 Bb3 32. Bb5 d5 33. exd5 Bxd5 34. Be8 f5 35. gxf5 exf5 36. Bd7 f4+ 37. Ke2 Bc4+ 38. Kd2 Bf1 39. Bg4 Kd5 40. b3 Kc5 41. a4 a5 42. Bf5 Ba6 43. Be4 Bc8 44. Kd3 Be6 45. c4 Kb4 46. Bd5 Bf5+ 47. Kd4 g4 48. Ke5 g3 0-1

[Event "Titled Tuesday intern op 21st Jun Late"]
[Site "Chess.com INT"]
[Date "2022.06.21"]
[Round "10"]
[White "Abarca Gonzalez, Nicolas"]
[Black "Svane, Rasmus"]
[Result "0-1"]
[WhiteElo "2380"]
[BlackElo "2649"]
[PlyCount "94"]
[EventDate "2022.06.21"]
[EventType "swiss (blitz)"]
[EventRounds "11"]
[EventCountry "USA"]
[SourceTitle "EXT 2023"]
[Source "ChessBase"]
[SourceDate "2022.10.05"]
[SourceVersion "1"]
[SourceVersionDate "2022.10.05"]
[SourceQuality "1"]

1. e4 c6 2. d4 d5 3. exd5 cxd5 4. c4 Nf6 5. Nc3 Nc6 6. Nf3 a6 7. cxd5 Nxd5 8. Bd3 g6 9. 0-0 Bg7 10. Re1 0-0 11. Be4 Be6 12. Bg5 Re8 13. Qd2 Rc8 14. Rad1 Nxc3 15. bxc3 Bd5 16. Bh6 Bxe4 17. Rxe4 Qd5 18. Rde1 Bh8 19. h4 b5 20. Qf4 a5 21. Ne5 Nxe5 22. dxe5 Qe6 23. R1e3 Rc5 24. h5 Rec8 25. Qg3 Rc4 26. Rxc4 Rxc4 27. Rd3 Rc8 28. f4 Bg7 29. Bxg7 Kxg7 30. Qh4 h6 31. hxg6 fxg6 32. Rh3 Rh8 33. Rd3 Kf7 34. g4 Qxa2 35. Rf3 Qd5 36. Qf2 e6 37. f5 gxf5 38. gxf5 Rg8+ 39. Kh1 exf5 40. Qa7+ Ke6 41. Qb6+ Kxe5 42. Qc7+ Kf6 43. Qb6+ Kf7 44. Qc7+ Kg6 45. Kg2 Kh5+ 46. Kf2 Qd2+ 47. Kf1 Qg2+ 0-1

[Event "Titled Tuesday intern op 07th Jun Early"]
[Site "Chess.com INT"]
[Date "2022.06.07"]
[Round "5"]
[White "Abarca Gonzalez, Nicolas"]
[Black "Thorhallsson, Simon"]
[Result "1-0"]
[WhiteElo "2380"]
[BlackElo "2171"]
[PlyCount "73"]
[EventDate "2022.06.07"]
[EventType "swiss (blitz)"]
[EventRounds "11"]
[EventCountry "USA"]
[SourceTitle "CBM 208 Extra"]
[Source "ChessBase"]
[SourceDate "2022.07.31"]
[SourceVersion "1"]
[SourceVersionDate "2022.07.31"]
[SourceQuality "1"]

1. e4 d5 2. exd5 Qxd5 3. Nc3 Qd7 4. Bc4 Qg4 5. Qxg4 Bxg4 6. Nd5 Kd8 7. Ne3 Bh5 8. h4 e6 9. d3 Bc5 10. f3 f5 11. Bxe6 f4 12. Nd5 Nf6 13. Nxf4 Re8 14. Kd1 Nc6 15. c3 Bd6 16. Nge2 Ne5 17. d4 Nxf3 18. gxf3 Bxf3 19. Bd5 Nxd5 20. Rf1 Nxf4 21. Rxf3 Nxe2 22. Bg5+ Kd7 23. Rf7+ Kc6 24. Rxg7 h5 25. Kd2 b5 26. a4 Ng3 27. Kd3 a6 28. b4 a5 29. axb5+ Kxb5 30. bxa5 Rxa5 31. c4+ Ka6 32. Rxa5+ Kxa5 33. c5 Bf8 34. Rxc7 Ne4 35. Bf4 Nf6 36. Kc4 Re4 37. Ra7# 1-0

[Event "Titled Tuesday intern op 07th Jun Late"]
[Site "Chess.com INT"]
[Date "2022.06.07"]
[Round "9"]
[White "Bluebaum, Matthias"]
[Black "Abarca Gonzalez, Nicolas"]
[Result "0-1"]
[WhiteElo "2673"]
[BlackElo "2380"]
[PlyCount "142"]
[EventDate "2022.06.07"]
[EventType "swiss (blitz)"]
[EventRounds "11"]
[EventCountry "USA"]
[SourceTitle "CBM 208 Extra"]
[Source "ChessBase"]
[SourceDate "2022.07.31"]
[SourceVersion "1"]
[SourceVersionDate "2022.07.31"]
[SourceQuality "1"]

1. d4 Nf6 2. c4 e5 3. dxe5 Ng4 4. Bf4 g5 5. Bd2 Bg7 6. Nf3 Nc6 7. Bxg5 f6 8. exf6 Bxf6 9. Bxf6 Qxf6 10. Nc3 0-0 11. Qd2 d6 12. e3 Be6 13. Be2 Rae8 14. Nd5 Qg7 15. h3 Nf6 16. Nxf6+ Rxf6 17. 0-0-0 a5 18. a3 Rf5 19. Qc2 Rc5 20. Nd4 Bf7 21. Nf5 Qf6 22. g4 b5 23. Kb1 bxc4 24. Qc3 Ne5 25. f4 Nd7 26. Rd4 Rb8 27. Ka1 Rb3 28. Rb1 Rxc3 29. bxc3 Bg6 30. Bxc4+ Kf8 31. e4 Bxf5 32. gxf5 Nb6 33. Be6 Rxc3 34. e5 dxe5 35. fxe5 Qxe6 36. fxe6 Ke7 37. Rh4 Rxa3+ 38. Kb2 Re3 39. Rxh7+ Kxe6 40. Rc1 Nd5 41. Rc6+ Kxe5 42. Rc5 Kd4 43. Rxa5 Re2+ 44. Kb3 Re3+ 45. Kc2 Re2+ 46. Kd1 Nc3+ 47. Kc1 Na2+ 48. Kb1 Nc3+ 49. Ka1 c5 50. Rb7 Re1+ 51. Kb2 Rb1+ 52. Kc2 Rxb7 53. h4 Nd5 54. h5 Rh7 55. Ra4+ c4 56. Ra8 Rxh5 57. Rg8 Rh2+ 58. Kd1 Kd3 59. Rg3+ Ne3+ 60. Kc1 Rc2+ 61. Kb1 Re2 62. Ka1 c3 63. Rg1 c2 64. Kb2 Nd1+ 65. Kc1 Ne3 66. Rh1 Rd2 67. Kb2 Rd1 68. Rh2 c1Q+ 69. Ka2 Qc4+ 70. Ka3 Ra1+ 71. Ra2 Rxa2# 0-1

[Event "Titled Tuesday intern op 07th Jun Early"]
[Site "Chess.com INT"]
[Date "2022.06.07"]
[Round "7"]
[White "Khamdamova, Afruza"]
[Black "Abarca Gonzalez, Nicolas"]
[Result "1-0"]
[WhiteElo "1964"]
[BlackElo "2380"]
[PlyCount "137"]
[EventDate "2022.06.07"]
[EventType "swiss (blitz)"]
[EventRounds "11"]
[EventCountry "USA"]
[SourceTitle "CBM 208 Extra"]
[Source "ChessBase"]
[SourceDate "2022.07.31"]
[SourceVersion "1"]
[SourceVersionDate "2022.07.31"]
[SourceQuality "1"]

1. e4 c5 2. Nf3 d6 3. d4 cxd4 4. Nxd4 Nf6 5. Nc3 g6 6. Be3 Bg7 7. f3 0-0 8. Qd2 Nc6 9. Bc4 Ne5 10. Bb3 Bd7 11. 0-0-0 Qa5 12. Bh6 Bxh6 13. Qxh6 Rfc8 14. Nd5 Nxd5 15. Bxd5 e6 16. Bb3 Qd8 17. h4 Qf8 18. Qd2 a5 19. a3 Qg7 20. h5 Nc4 21. Bxc4 Rxc4 22. hxg6 hxg6 23. Rh2 Rac8 24. c3 b5 25. Rdh1 b4 26. axb4 axb4 27. Ne2 bxc3 28. Nxc3 d5 29. exd5 exd5 30. Rh8+ Qxh8 31. Rxh8+ Kxh8 32. Qxd5 Be6 33. Qe5+ Kg8 34. Kd1 Rd8+ 35. Ke1 Rcd4 36. Ne4 Kf8 37. Ng5 Rd1+ 38. Kf2 R8d6 39. Nh7+ Kg8 40. Nf6+ Kf8 41. Ne4 R6d5 42. Qh8+ Ke7 43. Qf6+ Kf8 44. b4 Rb1 45. Qh8+ Ke7 46. Qb8 Rb2+ 47. Kg3 f5 48. Ng5 Rdd2 49. Qc7+ Bd7 50. Qe5+ Kd8 51. Nf7+ Kc8 52. Nd6+ Kd8 53. Nf7+ Kc8 54. Qc5+ Kb8 55. Qb6+ Ka8 56. Nd6 Rxd6 57. Qxd6 Bc8 58. Qc6+ Bb7 59. Qa4+ Kb8 60. b5 g5 61. Qc4 f4+ 62. Kh3 Bc8+ 63. Kh2 Bb7 64. Qg8+ Ka7 65. Qxg5 Bxf3 66. Qc5+ Ka8 67. Qf8+ Kb7 68. Qg7+ Kb6 69. Qxb2 1-0

[Event "Titled Tuesday intern op 07th Jun Late"]
[Site "Chess.com INT"]
[Date "2022.06.07"]
[Round "5"]
[White "Van Foreest, Jorden"]
[Black "Abarca Gonzalez, Nicolas"]
[Result "0-1"]
[WhiteElo "2702"]
[BlackElo "2380"]
[PlyCount "80"]
[EventDate "2022.06.07"]
[EventType "swiss (blitz)"]
[EventRounds "11"]
[EventCountry "USA"]
[SourceTitle "CBM 208 Extra"]
[Source "ChessBase"]
[SourceDate "2022.07.31"]
[SourceVersion "1"]
[SourceVersionDate "2022.07.31"]
[SourceQuality "1"]

1. e4 c5 2. Nc3 e6 3. g3 a6 4. Bg2 Nc6 5. d3 h5 6. f4 h4 7. Nf3 h3 8. Bf1 d5 9. Ng5 d4 10. Ne2 Nf6 11. Nxh3 e5 12. f5 g6 13. Bg2 gxf5 14. exf5 Bxf5 15. Ng5 Be7 16. 0-0 Qd7 17. Qe1 Ng4 18. h3 Ne3 19. Bxe3 dxe3 20. Nxf7 Rxh3 21. Bxh3 Bxh3 22. Rf3 Qd5 23. Qf1 Bxf1 24. Raxf1 Nd4 25. Rxe3 Nxc2 26. Rxe5 Qxf7 27. Rxf7 Kxf7 28. Rf5+ Ke6 29. Rh5 Rg8 30. Kf2 Nd4 31. Nf4+ Kd7 32. Rh7 Kd6 33. Rh6+ Kd7 34. Rh7 Nf5 35. Nh5 Ke6 36. Kf3 b5 37. Nf4+ Kd6 38. g4 Nd4+ 39. Kg3 Bf6 40. Rh6 Nf5+ 0-1

[Event "Titled Tuesday intern op 07th Jun Early"]
[Site "Chess.com INT"]
[Date "2022.06.07"]
[Round "10"]
[White "Vasquez Schroder, Rodrigo Rafael"]
[Black "Abarca Gonzalez, Nicolas"]
[Result "0-1"]
[WhiteElo "2506"]
[BlackElo "2380"]
[PlyCount "124"]
[EventDate "2022.06.07"]
[EventType "swiss (blitz)"]
[EventRounds "11"]
[EventCountry "USA"]
[SourceTitle "CBM 208 Extra"]
[Source "ChessBase"]
[SourceDate "2022.07.31"]
[SourceVersion "1"]
[SourceVersionDate "2022.07.31"]
[SourceQuality "1"]

1. e4 c5 2. Nf3 d6 3. d4 cxd4 4. Nxd4 Nf6 5. Nc3 g6 6. Be3 Bg7 7. f3 0-0 8. Qd2 Nc6 9. Bc4 Ne5 10. Bb3 Bd7 11. 0-0-0 Qa5 12. Kb1 Rfc8 13. Bg5 Nc4 14. Bxc4 Rxc4 15. Nb3 Qe5 16. Be3 a5 17. Bd4 Qe6 18. a4 Bxa4 19. Nxa4 Rxa4 20. g4 Rc4 21. Bc3 a4 22. Nd4 Qc8 23. Nb5 a3 24. g5 Nxe4 25. fxe4 Bxc3 26. bxc3 Qc5 27. Qd5 Qc8 28. Rd4 Rc5 29. Qb3 a2+ 30. Kb2 Ra5 31. Rb4 Qh3 32. Ra1 Rxg5 33. Rxa2 Rxa2+ 34. Qxa2 Qxh2 35. Qa8+ Kg7 36. Qxb7 Rg2 37. Na3 Qe5 38. Rb5 Qe6 39. Qd5 Qxd5 40. Rxd5 h5 41. Rd1 h4 42. Rh1 g5 43. Nc4 Kf6 44. Ne3 Rg3 45. Nd5+ Ke6 46. Rf1 h3 47. Kb3 f5 48. Nc7+ Kd7 49. Nd5 fxe4 50. Rh1 g4 51. Nf4 e5 52. Nd5 Ke6 53. Kc4 Rf3 54. Nc7+ Kf5 55. Nd5 e3 56. Kd3 e4+ 57. Ke2 Rf2+ 58. Kxe3 Rxc2 59. Rf1+ Ke5 60. Nf4 Rxc3+ 61. Kd2 Rf3 62. Rxf3 exf3 0-1

[Event "Titled Tuesday intern op 31st May Late"]
[Site "Chess.com INT"]
[Date "2022.05.31"]
[Round "5"]
[White "Abarca Gonzalez, Nicolas"]
[Black "Jeet, Jain"]
[Result "1-0"]
[WhiteElo "2380"]
[BlackElo "2204"]
[PlyCount "33"]
[EventDate "2022.05.31"]
[EventType "swiss (blitz)"]
[EventRounds "11"]
[EventCountry "USA"]
[SourceTitle "CBM 208 Extra"]
[Source "ChessBase"]
[SourceDate "2022.07.31"]
[SourceVersion "1"]
[SourceVersionDate "2022.07.31"]
[SourceQuality "1"]

1. e4 c5 2. Nf3 g6 3. h4 h5 4. Bc4 Bg7 5. Nc3 Nc6 6. a3 e6 7. d3 Nge7 8. Ba2 d5 9. Ng5 0-0 10. g4 hxg4 11. h5 Nd4 12. Qxg4 e5 13. Qh4 Re8 14. Nxd5 Nxd5 15. hxg6 fxg6 16. Bxd5+ Kf8 17. Nh7# 1-0

[Event "Titled Tuesday intern op 31st May Late"]
[Site "Chess.com INT"]
[Date "2022.05.31"]
[Round "2"]
[White "Ozdemir, Serhan Berat"]
[Black "Abarca Gonzalez, Nicolas"]
[Result "0-1"]
[WhiteElo "2117"]
[BlackElo "2380"]
[PlyCount "82"]
[EventDate "2022.05.31"]
[EventType "swiss (blitz)"]
[EventRounds "11"]
[EventCountry "USA"]
[SourceTitle "CBM 208 Extra"]
[Source "ChessBase"]
[SourceDate "2022.07.31"]
[SourceVersion "1"]
[SourceVersionDate "2022.07.31"]
[SourceQuality "1"]

1. e4 c5 2. Nf3 d6 3. d4 cxd4 4. Nxd4 Nf6 5. Nc3 g6 6. Be3 Bg7 7. f3 0-0 8. Qd2 Nc6 9. Bc4 Ne5 10. Bb3 Bd7 11. h4 Qa5 12. 0-0-0 Rfc8 13. Kb1 Nc4 14. Bxc4 Rxc4 15. Nb3 Qc7 16. Bh6 Bxh6 17. Qxh6 Rxc3 18. bxc3 Qxc3 19. Rd3 Qe5 20. h5 a5 21. hxg6 fxg6 22. Rd5 Qe6 23. Rg5 a4 24. Rxg6+ hxg6 25. Qxg6+ Kf8 26. Rh8+ Ng8 27. Qxe6 Bxe6 28. Nd4 Bd7 29. g4 Kg7 30. Rh5 Nf6 31. Rh2 Rh8 32. Rxh8 Kxh8 33. g5 Nh5 34. c3 Kg7 35. Kc2 Kg6 36. Kd3 Kxg5 37. Ke3 Nf4 38. a3 Ne6 39. Ne2 Nc7 40. f4+ Kf6 41. Ng3 Nb5 0-1

[Event "Titled Tuesday intern op 31st May Late"]
[Site "Chess.com INT"]
[Date "2022.05.31"]
[Round "11"]
[White "Rostovtsev, Dmitry"]
[Black "Abarca Gonzalez, Nicolas"]
[Result "1/2-1/2"]
[WhiteElo "2299"]
[BlackElo "2380"]
[PlyCount "67"]
[EventDate "2022.05.31"]
[EventType "swiss (blitz)"]
[EventRounds "11"]
[EventCountry "USA"]
[SourceTitle "CBM 208 Extra"]
[Source "ChessBase"]
[SourceDate "2022.07.31"]
[SourceVersion "1"]
[SourceVersionDate "2022.07.31"]
[SourceQuality "1"]

1. e4 c5 2. Nf3 d6 3. d4 cxd4 4. Qxd4 Nf6 5. h3 a6 6. c4 Nc6 7. Qe3 g6 8. Nc3 Bg7 9. Be2 0-0 10. 0-0 Nd7 11. b3 e5 12. Bb2 Nd4 13. Nd5 Nc2 14. Qd2 Nxa1 15. Rxa1 Nc5 16. Qe3 f5 17. exf5 gxf5 18. Rd1 f4 19. Qd2 e4 20. Bxg7 Kxg7 21. Nh2 Qg5 22. Nb6 Rb8 23. b4 Nd7 24. Qxd6 f3 25. Bf1 fxg2 26. Bxg2 Nxb6 27. Qxb8 Bxh3 28. Qxb7+ Kh8 29. Qxe4 Rg8 30. Qd4+ Rg7 31. Qd8+ Rg8 32. Qd4+ Rg7 33. Qd8+ Rg8 34. Qd4+ 1/2-1/2

[Event "Titled Tuesday intern op 03rd May Early"]
[Site "Chess.com INT"]
[Date "2022.05.03"]
[Round "8"]
[White "Abarca Gonzalez, Nicolas"]
[Black "Dubov, Daniil"]
[Result "1-0"]
[WhiteElo "2380"]
[BlackElo "2702"]
[PlyCount "41"]
[EventDate "2022.05.03"]
[EventType "swiss (blitz)"]
[EventRounds "11"]
[EventCountry "USA"]
[SourceTitle "CBM 208 Extra"]
[Source "ChessBase"]
[SourceDate "2022.07.31"]
[SourceVersion "1"]
[SourceVersionDate "2022.07.31"]
[SourceQuality "1"]

1. e4 c5 2. Nf3 Nc6 3. Bb5 g6 4. Bxc6 bxc6 5. e5 Bg7 6. 0-0 f6 7. Re1 fxe5 8. Nxe5 Nf6 9. d4 cxd4 10. Qxd4 0-0 11. c4 c5 12. Qh4 d6 13. Nc6 Qd7 14. Nxe7+ Kh8 15. Nxg6+ Kg8 16. Nxf8 Kxf8 17. Bh6 Kf7 18. Nc3 Bb7 19. Bxg7 Kxg7 20. Re3 Kf7 21. Rae1 1-0

[Event "Titled Tuesday intern op 03rd May Early"]
[Site "Chess.com INT"]
[Date "2022.05.03"]
[Round "10"]
[White "Bortnyk, Olexandr"]
[Black "Abarca Gonzalez, Nicolas"]
[Result "1-0"]
[WhiteElo "2604"]
[BlackElo "2380"]
[PlyCount "157"]
[EventDate "2022.05.03"]
[EventType "swiss (blitz)"]
[EventRounds "11"]
[EventCountry "USA"]
[SourceTitle "CBM 208 Extra"]
[Source "ChessBase"]
[SourceDate "2022.07.31"]
[SourceVersion "1"]
[SourceVersionDate "2022.07.31"]
[SourceQuality "1"]

1. d4 Nf6 2. Nc3 d5 3. Bf4 a6 4. e3 g6 5. h4 h6 6. Nf3 Bg7 7. Bd3 c5 8. dxc5 Nc6 9. a3 Bg4 10. Be2 0-0 11. Ne5 Bxe2 12. Qxe2 d4 13. Nxc6 bxc6 14. exd4 Qxd4 15. Be3 Qd7 16. Rd1 Qb7 17. Na4 Nd5 18. 0-0 Rad8 19. c4 Nc7 20. b4 Ne6 21. Nb6 h5 22. Qf3 Qc7 23. g3 Be5 24. Kg2 f5 25. Rxd8 Rxd8 26. Rd1 Rxd1 27. Qxd1 f4 28. gxf4 Bxf4 29. Qd7 Qe5 30. Qe8+ Kg7 31. Qxe7+ Kh6 32. Nc8 Qe4+ 33. Kf1 Qxc4+ 34. Kg1 Bxe3 35. fxe3 Qc1+ 36. Kf2 Qc2+ 37. Kg3 Qe4 38. Qf6 Qxe3+ 39. Qf3 Qe5+ 40. Kg2 Nf4+ 41. Kf1 Qa1+ 42. Kf2 Qf6 43. Kg3 g5 44. Nd6 gxh4+ 45. Kh2 Qb2+ 46. Kg1 Qd4+ 47. Kf1 Kg5 48. Ne4+ Kf5 49. Nd6+ Kf6 50. Ne4+ Ke5 51. Nf2 Qa1+ 52. Nd1 Qc1 53. Kg1 Qd2 54. Nf2 Qe1+ 55. Kh2 Qe2 56. Qxe2+ Nxe2 57. Kh3 Kd4 58. Kxh4 Nc3 59. Kxh5 Nb1 60. a4 Kc4 61. b5 axb5 62. a5 Kxc5 63. Ne4+ Kd4 64. a6 Kxe4 65. a7 b4 66. a8Q Nc3 67. Qxc6+ Kd3 68. Qd6+ Kc4 69. Qe6+ Nd5 70. Qe4+ Kc5 71. Qc2+ Kb5 72. Kg5 Ka5 73. Qc5+ Ka4 74. Qxd5 b3 75. Qd4+ Ka3 76. Qa1+ Kb4 77. Kf4 Kc4 78. Qb2 Kd3 79. Qxb3+ 1-0

[Event "Titled Tuesday intern op 03rd May Early"]
[Site "Chess.com INT"]
[Date "2022.05.03"]
[Round "7"]
[White "Deac, Bogdan Daniel"]
[Black "Abarca Gonzalez, Nicolas"]
[Result "0-1"]
[WhiteElo "2671"]
[BlackElo "2380"]
[PlyCount "84"]
[EventDate "2022.05.03"]
[EventType "swiss (blitz)"]
[EventRounds "11"]
[EventCountry "USA"]
[SourceTitle "CBM 208 Extra"]
[Source "ChessBase"]
[SourceDate "2022.07.31"]
[SourceVersion "1"]
[SourceVersionDate "2022.07.31"]
[SourceQuality "1"]

1. d4 Nf6 2. Nf3 g6 3. Nbd2 d5 4. Nb3 a5 5. a4 Bg7 6. Bf4 0-0 7. e3 Bf5 8. Be2 Nbd7 9. h3 b6 10. 0-0 c5 11. c3 c4 12. Nbd2 Ne4 13. Nxe4 Bxe4 14. b3 Rc8 15. bxc4 dxc4 16. Nd2 Bd3 17. Bxd3 cxd3 18. Ne4 e5 19. Bh2 f5 20. Qb3+ Kh8 21. Nd6 Rc6 22. Nf7+ Rxf7 23. Qxf7 e4 24. f3 Nf6 25. Be5 exf3 26. Rxf3 Qd7 27. Qb3 Ne4 28. Bxg7+ Kxg7 29. c4 Nd2 30. Qxd3 Nxf3+ 31. gxf3 f4 32. d5 Rf6 33. Kg2 fxe3 34. Qxe3 Qc7 35. Rc1 Rf5 36. c5 bxc5 37. Rxc5 Qd8 38. Qd4+ Kh6 39. h4 Qd6 40. Rxa5 Qa3 41. Ra7 Qxf3+ 42. Kh2 Qe2+ 0-1